Toutes les nationalités sportives passées par le PSG - Statistiques

Statistiques générales
  • Ce quiz a été pris 138 fois
    35 depuis la dernière actualisation
  • Le résultat moyen est 39 sur 55
Statistiques - réponses
Nombre de joueurs Réponses % Correct
36 Brésil
96%
100+ France
96%
7 Maroc
96%
15 Senegal
96%
9 Algérie
93%
15 Espagne
93%
1 Suède
93%
5 Uruguay
93%
17 Argentine
89%
9 Cameroun
89%
1 États-Unis
89%
13 Italie
89%
19 Portugal
89%
3 Russie
89%
3 Angleterre
86%
1 Colombie
86%
1 Corée du Sud
86%
4 Nigeria
86%
2 Tunisie
86%
4 Allemagne
82%
1 Belgique
82%
5 Serbie
82%
1 Equateur
79%
9 Mali
79%
2 Pologne
79%
1 Ukraine
79%
1 Costa Rica
75%
10 Côte d'Ivoire
75%
2 Liberia
75%
6 Pays-Bas
75%
1 Tchéquie
75%
2 Croatie
71%
1 Slovaquie
71%
3 Bosnie-Herzegovine
68%
1 Congo
68%
1 Georgie
68%
6 RD Congo
68%
2 Turquie
68%
1 Montenegro
61%
2 Albanie
57%
1 Autriche
57%
2 Ghana
54%
5 Guinée
54%
2 Haiti
54%
1 Panama
50%
1 Luxembourg
46%
2 Togo
43%
1 Armenie
39%
2 Madagascar
39%
2 Benin
36%
1 Tchad
32%
3 Guadeloupe
25%
3 Martinique
25%
1 Guyane française
21%
2 Israël
18%
Aucun quiz correspondant
Distribution des résultats
% des personnes avec chaque résultat
Percentile par nombre de réponses
Votre historique - résultats
Vous n’avez pas pris ce quiz depuis la dernière actualisation